Skoki Narciarskie-skoczkowie którzy skoczyli ponad 250 metrów - Statystyki

Ogólne statystyki
  • Ten quiz został rozwiązany 1 808 razy
  • Średni wynik to 5 z 6
Statystyki odpowiedzi
Odległość Skoczek % Poprawnych
251.5m Kamil Stoch
98%
253.5m Stefan Kraft
97%
250m Peter Prevc
91%
252m Ryoyu Kobayashi
86%
252m Robert Johansson
82%
251.5m Anders Fannemel
55%
Nie znaleziono quizów pasujących do podanych kryteriów
Rozkład punktacji
Procent ludzi z każdym wynikiem
Percentyl według liczby udzielonych odpowiedzi
Twoja historia wyników
Nie rozwiązałeś tego quizu